International Business : Environments and Operations. (Record no. 1809)

MARC details
005 - DATE AND TIME OF LATEST TRANSACTION
control field 20250430085556.0
020 ## - INTERNATIONAL STANDARD BOOK NUMBER
International Standard Book Number 0-201-15747-0
082 ## - DEWEY DECIMAL CLASSIFICATION NUMBER
Classification number 658 .18 DAN
100 ## - MAIN ENTRY--PERSONAL NAME
Author name DANIELS, J. D.
245 ## - TITLE STATEMENT
Title International Business : Environments and Operations.
250 ## - EDITION STATEMENT
Edition statement 5th Ed.
260 ## - PUBLICATION, DISTRIBUTION, ETC.
Place of publication, distribution, etc. New York,
Name of publisher, distributor, etc. Addison- Wesley publishing company,
Date of publication, distribution, etc. 1989.
300 ## - PHYSICAL DESCRIPTION
Extent xix,730p.:Ill.;figures
Other physical details Glossary & Index
Dimensions 25cm.
700 ## - ADDED ENTRY--PERSONAL NAME
Other authors/Editors RADEBAUGH, L. H.
942 ## - ADDED ENTRY ELEMENTS (KOHA)
Source of classification or shelving scheme Dewey Decimal Classification
Koha item type Books
Holdings
Date last seen Total checkouts Full call number Barcode Cost, replacement price Price effective from Koha item type Lost status Source of classification or shelving scheme Damaged status Not for loan Withdrawn status Home library Current library Shelving location Date acquired Cost, normal purchase price
04/30/2025   658.18 DAN 0000007050 30000.00 04/30/2025 Books   Dewey Decimal Classification       College of Business Education Main Library College of Business Education Main Library General Collection 03/01/1995 10000.00